JackSucksAtLife Quiz - Statistics

General Stats
  • This quiz has been taken 25 times
  • The average score is 3 of 6
Answer Stats
Hint Answer % Correct
Jack's Dog Kong
100%
Becky's Dog Flossy
89%
Who is Becky? Girlfriend
58%
Longest Channel Name JACKSEPICYOUTUBECHANNELFULLOFFUNTIMESANDFUNHIRICKXHASNOTHINGONMEIAMTHESUPERIORCHANNELIHAVEMORECHARACTERSTHANALLOFJACKSYOUTUBECHANNELSCOMBINEDHAHAHAHAIHAVEMORECHARACTERSTHANJACKSUCKSATLIFEJACKSUCKSATSTUFFJACKMASSEYWELSHJACKSUCKSATGEOGRAPHYJACKSUCKSATCLIPSSAMSMELLSOFAPRICOTSJACKSUCKSATPOPUPPIRATEETCETCIMAGINETHISONAPLAYBUTTONJESUSCHRISTBTWPLEASESUBSCRIBETHANKYOUVERYMUCHHIRICKXxXxXX
11%
MORE COMING SOON YAY
5%
World Record? Most Playbuttons
0%
No matching quizzes found
Score Distribution
Percent of People with Each Score
Percentile by Number Answered
Your Score History
You have not taken this quiz